000 01204ncm a2200337 a 4500
003 BLK
005 20241023005404.0
008 180414b bul |a|er|||| |0| c|bulo|
010 _aNOT00002582000
040 _aBLK
041 _aDEU
_cDEU
080 _aЦигулка, виолина, виола д'аморе
_b787.1
_z787.1
080 _aБални танци (валсове, полки, мазурки, кадрили, галоп, полонези и др.)
_b78.085.2
_z78.085.2
100 _aБрамс, Йоханес
_d1833 - 1897
_9387452
139 _aБрамс, Йоханес
_bБ 76
245 1 0 _aWalzer
_bOpus 39 : Bearbeitung fur klavier und violine
_cJohannes Brahms; Йоханес Брамс.
_sOp.39
257 _aDEU
260 _bPeters
_c1952
_9211254
_aLeipzig
300 _a17 с.
_c30 см
_e1 щим 6 с.
380 _a7
650 0 _aДуо - цигулка и пиано
_9353793
653 7 _aпиано
_9193730
653 7 _aцигулка
_9200457
700 1 _aBrahms, Johannes
_e*
_95967
852 _aЦб М ІІ 6312
_p0
856 4 _qpdf
_u
856 4 _qpdf
_u
942 _cNOT
_n0
_s1
944 _aCR
_c2020-03-22
_k
_lCRON CRON
999 _c349248
_d349248
999 _d349248